Sustainable infrastructure (Record no. 115183)
[ view plain ]
| 000 -LEADER | |
|---|---|
| fixed length control field | 00869cam a22002295a 4500 |
| 001 - CONTROL NUMBER | |
| control field | L158170 |
| 008 - FIXED-LENGTH DATA ELEMENTS--GENERAL INFORMATION | |
| fixed length control field | 141002s2010 xxk f 000 0 eng d |
| 020 ## - INTERNATIONAL STANDARD BOOK NUMBER | |
| International Standard Book Number | 9780470453612 |
| 035 ## - SYSTEM CONTROL NUMBER | |
| System control number | (Sirsi) u158170 |
| 041 0# - LANGUAGE CODE | |
| Language code of text/sound track or separate title | eng |
| 050 04 - LIBRARY OF CONGRESS CALL NUMBER | |
| Classification number | 711.58 |
| 100 1# - MAIN ENTRY--PERSONAL NAME | |
| Personal name | Sarte |
| Numeration | S.Bry |
| 245 00 - TITLE STATEMENT | |
| Title | Sustainable infrastructure |
| Remainder of title | The guide to green engineering and design |
| 260 ## - PUBLICATION, DISTRIBUTION, ETC. | |
| Place of publication, distribution, etc. | Hoboken |
| Name of publisher, distributor, etc. | John Wiley & Sons Inc. |
| Date of publication, distribution, etc. | 2010 |
| 300 ## - PHYSICAL DESCRIPTION | |
| Extent | 364p, 23cm |
| 520 ## - SUMMARY, ETC. | |
| Summary, etc. | Guide to integrating sustainable infrastructure strategies into planning and design. Discusses how engineers are working with other members of the design team to develop a strategy that produces the most effective green alternatives for the revitalization of urban infrastructure. |
| 590 ## - LOCAL NOTE (RLIN) | |
| Local note | KA |
| 651 #4 - SUBJECT ADDED ENTRY--GEOGRAPHIC NAME | |
| Geographic name | International |
| 690 ## - LOCAL SUBJECT ADDED ENTRY--TOPICAL TERM (OCLC, RLIN) | |
| Topical term or geographic name as entry element | Infrastructure |
| 9 (RLIN) | 6246 |
| 690 ## - LOCAL SUBJECT ADDED ENTRY--TOPICAL TERM (OCLC, RLIN) | |
| Topical term or geographic name as entry element | Sustainability |
| 9 (RLIN) | 6271 |
| 942 ## - ADDED ENTRY ELEMENTS (KOHA) | |
| Suppress in OPAC | 0 |
| Withdrawn status | Lost status | Source of classification or shelving scheme | Damaged status | Not for loan | Home library | Current library | Shelving location | Date acquired | Total Checkouts | Full call number | Barcode | Date last seen | Copy number | Price effective from | Koha item type |
|---|---|---|---|---|---|---|---|---|---|---|---|---|---|---|---|
| Dewey Decimal Classification | London | London | Books | 02/10/2014 | 711.58 | 30075238 | 06/08/2019 | 1 | 06/08/2019 | Book |